000 00859nmc a2200289 a 4500
003 AR-BaBNM
005 20251128203629.0
008 058019s1961 ||||||||||||||000 | spa||
040 _cAR-BaBNM
100 1 _aSánchez, Florencio
245 1 0 _aBarranca abajo
_bobra en tres actos
260 _aBuenos Aires
_bEdiciones La Pampa
_c1961
300 _a96 p.
_bil.
490 0 _aBiblioteca de la literatura clásica indoamericana. Dramas rurales
_vv. 8
500 _aContiene orden cronológico de las obras de Florencio Sánchez en p. 91
650 4 _aLITERATURA POPULAR
650 4 _aTEATRO
650 4 _aREALISMO
653 _aGAUCHOS
653 _aLITERATURA URUGUAYA
653 _aCOSTUMBRISMO
655 _aLITERATURA
700 1 _aSalgueiro, Luis
_eilustrador
800 1 _aCastagnola, Demetrio
_edirector
942 _cBK
998 _cMARTIN
999 _c4225
_d4225